Magyarországi hideg-és világháborús múzeumok és emlékhelyek keresleti kínálati elemzése

Bibliographic Details
Main Author: Kádár Regina
Other Authors: Schultz Dr. Éva
Format: Thesis
Kulcsszavak:Budapest
hidegháború
interjú
múzeumok
statisztika
Online Access:http://dolgozattar.uni-bge.hu/59762

MARC

LEADER 00000nta a2200000 i 4500
001 dolg59762
005 20260409145529.0
008 260409suuuu hu om 000 hun d
040 |a BGE Dolgozattár Repozitórium  |b hun 
041 |a hu 
100 1 |a Kádár Regina 
245 1 0 |a Magyarországi hideg-és világháborús múzeumok és emlékhelyek keresleti kínálati elemzése  |c Kádár Regina  |h [elektronikus dokumentum] 
520 3 |a Jelen szakdolgozat célja, hogy feltárja a legjelentősebb és ismertebb hideg -és világháborús emlékhelyeket Magyarország területén, illetve megvizsgálja az ide látogatók látogatói élményét, összehasonlítsa a kereslet igényét, illetve a múzeumok és emlékhelyek kínálatát. A dolgozat és téma jelentőségét alátámasztja, hogy nemzetünk hidegháború által kialakult traumája generációkon átívelő, így fontos megvizsgálni, hogy a múzeumok és emlékhelyek miként járulnak hozzá a traumafeldolgozáshoz. Továbbá, a hideg-és világháború témáját feldolgozó múzeumoknak felelőssége van abban, hogy hogyan prezentálják a történteket, illetve milyen és mekkora szerepet vállalnak az érzékenyítésben, mivel Magyarországon jellemzően ezek a leglátogatottabb múzeumok és emlékhelyek. Fontosnak tartom, hogy kézzel fogható kutatás készüljön arról, milyen mértékben járul hozzá a belföldi – és beutazó turizmushoz a magyarországi, témával egybevágó emlékhelyek minősége, eredetisége és megközelíthetősége. A primer kutatásom fókuszában a kereslet és a kínálat összehasonlítása állt, melyet a netnográfia, és a szakmai interjúk módszereivel tártam fel. A keresletet elemző kutatásból kiderül, hogy a szakirodalmi háttérben megfogalmazott alapvetően legfontosabb ingerek, mint például a különböző érzékszervekre gyakorolt hatások, valóban jelentős befolyással van a vendégek múzeumról alkotott véleményére. A primer kutatás második felében a netnográfiai kutatás eredményeire reflektáltak az elemzett intézmények dolgozói, illetve beszámoltak arról, hogy az általuk képviselt intézményben miként követik számon a látogatói visszajelzéseket, illetve miért tartják ezt fontosnak. 
695 |a Budapest 
695 |a hidegháború 
695 |a interjú 
695 |a múzeumok 
695 |a statisztika 
700 1 |a Schultz Dr. Éva  |e ths 
856 4 0 |u http://dolgozattar.uni-bge.hu/59762/1/ZWNRXM_Ka%CC%81da%CC%81r_Regina_Szakdolgozat.pdf  |z Dokumentum-elérés 
856 4 0 |u http://dolgozattar.uni-bge.hu/59762/2/k%C3%A1d%C3%A1r_regina_opponens_nagy_gabriella.pdf  |z Dokumentum-elérés 
856 4 0 |u http://dolgozattar.uni-bge.hu/59762/3/K%C3%A1d%C3%A1r%20Regina_konzulensi_Schultz%20%C3%89va.pdf  |z Dokumentum-elérés